The haar integral
Salvato in:
| Autore principale: | |
|---|---|
| Natura: | Libro |
| Lingua: | inglese |
| Pubblicazione: |
Princeton
D. Van Nostrand
1965
|
| Serie: | University Series in Higher Mathematics
|
| Soggetti: | |
| Tags: |
Aggiungi Tag
Nessun Tag, puoi essere il primo ad aggiungerne!!
|
MARC
| LEADER | 00000nam a2200000 a 4500 | ||
|---|---|---|---|
| 001 | UCW1296 | ||
| 003 | CL-VaPUC | ||
| 008 | 920103e19650000US |||||||||||||||||eng|d | ||
| 082 | 0 | 4 | |a 515.43 |b NAC |2 21 |
| 100 | |a Nachbin, Leopoldo |e author |9 424629 | ||
| 245 | 1 | 4 | |a The haar integral |
| 300 | |a 156 p | ||
| 942 | |c BK | ||
| 945 | |d 19920103 00:00:00 | ||
| 260 | |a Princeton |b D. Van Nostrand |c 1965 | ||
| 650 | 0 | |a Integrales |9 260233 | |
| 583 | |a last modification |c 20120529 12:45:18 |k Rodrigo Vera | ||
| 490 | 0 | |a University Series in Higher Mathematics | |
| 999 | |c 216211 |d 216209 | ||
| 952 | |0 0 |1 0 |4 0 |6 515_430000000000000_NAC_1965 |7 0 |8 A |9 201717 |a BIBMAT |b BIBMAT |d 2019-11-14 |i 2689634 |o 515.43 NAC 1965 |p 2689634 |r 2025-01-07 |w 2019-11-14 |y BK |k MAT | ||